00337 2200145 4500245002800000020002100028250001100049100001400060700001700074005001900091260003700110041001400147084000900161300002100170 aAwakencCabot MeghText a602-03-22-0013-9 aCet. 1 aCabot Meg aLucia Aryani a20240909120010 aJakartabPenerbit Gramediac2013 aIndonesia aNONE a368 hlm :c20 cm